000 00640nam a2200229Ia 4500
003 OSt
005 20220925203619.0
006 a|||||r|||| 00| 0
007 ta
008 220923b |||||||| |||| 00| 0 eng d
037 _cGeneral Book
040 _aRTL
_cRTL
_beng
041 _2eng
_aeng
082 _aX:89k, K9/SC
100 _aRICHARDSON Harry W
_9266632
245 0 _aElements of regional economics
260 _aEngland
_bPenguin Books
_c1969
300 _a166p.
_ccm.
490 _aPenguin modern economics texts
942 _hX:89k, K9/SC
_cGB
_2CC
999 _c547180
_d547180